Pulp friction (Record no. 62448)

MARC details
000 -LEADER
fixed length control field 00728cam a2200217 4500
001 - CONTROL NUMBER
control field ABS61848
008 - FIXED-LENGTH DATA ELEMENTS--GENERAL INFORMATION
fixed length control field 000000n1999 000 0 eng u
035 ## - SYSTEM CONTROL NUMBER
System control number (Sirsi) u104067
100 ## - MAIN ENTRY--PERSONAL NAME
Personal name Levin, A
245 ## - TITLE STATEMENT
Title Pulp friction
260 ## - PUBLICATION, DISTRIBUTION, ETC.
Date of publication, distribution, etc. 1999
490 ## - SERIES STATEMENT
Series statement CA Magazine
Volume/sequential designation February 2000, 19-25(6)
520 ## - SUMMARY, ETC.
Summary, etc. Background to the draft strategy by the Forestry Commission, due to be presented to the Scottish parliament. Looks at the future of the Scottish forestry industry against falling prices and a strict new environmental code.
590 ## - LOCAL NOTE (RLIN)
Local note ABS
650 ## - SUBJECT ADDED ENTRY--TOPICAL TERM
Topical term or geographic name entry element Environment
9 (RLIN) 6238
650 ## - SUBJECT ADDED ENTRY--TOPICAL TERM
Topical term or geographic name entry element FORESTRY
650 ## - SUBJECT ADDED ENTRY--TOPICAL TERM
Topical term or geographic name entry element SCOTLAND
650 ## - SUBJECT ADDED ENTRY--TOPICAL TERM
Topical term or geographic name entry element TIMBER PRICES
690 ## - LOCAL SUBJECT ADDED ENTRY--TOPICAL TERM (OCLC, RLIN)
Topical term or geographic name as entry element RURAL-AGRICULTURE AND FORESTRY
942 ## - ADDED ENTRY ELEMENTS (KOHA)
Suppress in OPAC 0
Holdings
Withdrawn status Lost status Source of classification or shelving scheme Damaged status Not for loan Home library Current library Shelving location Date acquired Total Checkouts Full call number Barcode Date last seen Copy number Price effective from Koha item type
    Dewey Decimal Classification     London London Journal article 08/02/2000   ABS61848 104067-1001 06/08/2019 1 06/08/2019 Journal article